=LDR 00000nam 2200000 4500 =001 INLIS000000000002534 =005 20130612090850 =008 ***********************************Ind** =035 ##$$0010-061300000002534 =041 ##$$a Ind =082 ##$$a 616.462 =090 ##$$a 616.462, Tab k =100 ##$$a Tabrani,H =245 ##$$a Kencing manis buka masalah, H.Tabrani =260 ##$$a 1995 $b Jakarta =300 ##$$a 49 hlm, 12 cm =650 ##$$a Diabetes =850 ##$$a NBPNMAT